[Event "VIII TchRUS W"]
[Site "Sochi"]
[Date "2007.05.07"]
[Round "7"]
[White "Novikova, Anna"]
[Black "Galliamova, Alisa"]
[Result "0-1"]
[WhiteElo "2272"]
[BlackElo "2477"]
[Annotator ""]
[Source ""]
[Remark ""]

1.e4 c5 2.c3 d5 3.exd5 Qxd5 4.d4 Nf6 5.Nf3 e6 6.Bd3 Be7 7.O-O
O-O 8.Be3 Rd8 9.Bc2 Nc6 10.dxc5 Qxd1 11.Rxd1 Rxd1+ 12.Bxd1 Ng4
13.b4 Nxe3 14.fxe3 a5 15.Ba4 axb4 16.Bxc6 b3 17.Nbd2 b2 18.Rb1
bxc6 19.Rxb2 Bxc5 20.Kf2 Bd7 21.Ke2 f6 22.Ne4 Bf8 23.c4 Ra3 24.Rd2
Be8 25.Nd4 e5 26.Ne6 Bf7 27.N4c5 Bxc5 28.Rd8+ Be8 29.Nxc5 Rxa2+
30.Kf3 Kf7 31.Rb8 f5 32.e4 f4 33.Nd3 Ra3 34.Ke2 Ke7 35.c5 Bg6
36.Nxe5 Bxe4 37.Rb4 Ra2+ 38.Ke1 Bxg2 39.Rxf4 g5 40.Rd4 Rc2 41.Nd3
Bf3 42.h3 h5 43.Ra4 Re2+ 44.Kf1 Re3 45.Ne1 Be4 46.h4 g4 47.Ng2
Bxg2+ 48.Kxg2 Rc3 49.Ra7+ Kf6 50.Rh7 Kg6 51.Rh8 Rxc5 52.Kg3 Rf5
53.Rc8 c5 54.Rc6+ Kf7 55.Kg2 Ke7 0-1

[Event "VIII TchRUS W"]
[Site "Sochi"]
[Date "2007.05.07"]
[Round "7"]
[White "Manakova, Irina"]
[Black "Gaponenko, Inna"]
[Result "0-1"]
[WhiteElo "2244"]
[BlackElo "2451"]
[Annotator ""]
[Source ""]
[Remark ""]

1.e4 c5 2.Nf3 d6 3.c3 Nf6 4.Bc4 Qc7 5.Qe2 Bg4 6.h3 Bxf3 7.Qxf3
Nc6 8.Bb3 g6 9.d3 Bg7 10.Be3 O-O 11.Nd2 Nd7 12.g4 b5 13.h4 Nce5
14.Qe2 Rac8 15.Bd1 c4 16.dxc4 bxc4 17.Bc2 Qb7 18.Rb1 Nf6 19.g5
Nh5 20.Rg1 Qa6 21.Ra1 Rb8 22.Bd4 Rxb2 23.Bb1 Nf4 24.Qf1 Ned3+ 0-1

[Event "VIII TchRUS W"]
[Site "Sochi"]
[Date "2007.05.07"]
[Round "7"]
[White "Chistiakova, Tamara"]
[Black "Ivanova, Yulija"]
[Result "0-1"]
[WhiteElo "2337"]
[BlackElo "2155"]
[Annotator ""]
[Source ""]
[Remark ""]

1.Nf3 Nf6 2.c4 e6 3.b3 d5 4.g3 c5 5.e3 Nc6 6.Bg2 Be7 7.O-O d4
8.exd4 cxd4 9.Ba3 O-O 10.Re1 Nd7 11.d3 Bxa3 12.Nxa3 e5 13.Nc2
f6 14.b4 a5 15.b5 Ne7 16.Qc1 Nc5 17.Qa3 Qc7 18.Rab1 Bf5 19.b6
Qd6 20.Rb5 Rfc8 21.Rd1 Ra6 22.Nh4 Bd7 23.Rxa5 Rxa5 24.Qxa5 Ba4
25.Rd2 g5 26.Bh3 Nc6 27.Nf5 Qf8 28.Nh6+ Kg7 29.Qxc5 Qxc5 30.Bxc8
Kxh6 31.Bxb7 Qxb6 32.Bxc6 Bxc6 33.Ne1 Qb4 34.Re2 Qb1 35.Kf1 g4
36.Rd2 Qb4 37.Ke2 Bf3+ 38.Nxf3 gxf3+ 39.Ke1 Qb1+ 40.Rd1 Qxa2
41.Rd2 Qa1+ 42.Rd1 Qc3+ 43.Kf1 Qc2 0-1

[Event "VIII TchRUS W"]
[Site "Sochi"]
[Date "2007.05.07"]
[Round "7"]
[White "Ovod, Evgenija"]
[Black "Hou, Yifan"]
[Result "0-1"]
[WhiteElo "2384"]
[BlackElo "2513"]
[Annotator ""]
[Source ""]
[Remark ""]

1.d4 Nf6 2.c4 e6 3.Nc3 Bb4 4.e3 O-O 5.Bd3 d5 6.Nf3 c5 7.O-O Nc6
8.a3 Bxc3 9.bxc3 Qc7 10.Bb2 Na5 11.cxd5 exd5 12.Ne5 c4 13.Bc2
Ne4 14.f3 Nd6 15.h3 Re8 16.Qe1 f6 17.Ng4 Bf5 18.Rc1 Bxc2 19.Rxc2
Nf5 20.Bc1 Nb3 21.Rff2 h5 22.Nh2 Nxc1 23.Qxc1 Rxe3 24.Nf1 Re7
25.g4 Nh4 26.gxh5 Rae8 27.f4 Re1 28.Qb2 Qd7 29.Kh2 R8e3 30.Nxe3
Rxe3 31.Rce2 Qxh3+ 32.Kg1 Rg3+ 33.Rg2 Nf3+ 34.Kf1 Qh1+ 35.Kf2
Qxg2+ 0-1

[Event "VIII TchRUS W"]
[Site "Sochi"]
[Date "2007.05.07"]
[Round "7"]
[White "Lupik, Marina"]
[Black "Kovalevskaya, Ekaterina"]
[Result "0-1"]
[WhiteElo "2215"]
[BlackElo "2432"]
[Annotator ""]
[Source ""]
[Remark ""]

1.d4 Nf6 2.c4 e6 3.Nc3 Bb4 4.Qc2 Nc6 5.Nf3 d6 6.Bg5 h6 7.Bxf6
Qxf6 8.e3 O-O 9.a3 Bxc3+ 10.Qxc3 a5 11.b3 e5 12.dxe5 dxe5 13.Be2
Bg4 14.h3 Bh5 15.O-O-O Rfd8 16.Kb2 Qe7 17.Rd5 Bxf3 18.Bxf3 e4
19.Be2 Rd6 20.Rxd6 Qxd6 21.g3 Qc5 22.Qc2 Qe5+ 23.Kb1 Qe7 24.Qb2
Rd8 25.Rd1 Rxd1+ 26.Bxd1 Qd7 27.Qc2 Ne5 28.Be2 Qf5 29.Bf1 Qf3
30.Ka2 Qh1 31.Be2 Qe1 32.Bg4 Nd3 33.Bf5 Qxf2 34.Qxf2 Nxf2 35.Kb1
g6 36.Bc8 b6 37.Kc1 Kg7 38.Kd2 f5 39.h4 Kf6 40.b4 axb4 41.axb4
Ke5 42.Bd7 g5 43.hxg5 hxg5 44.c5 bxc5 45.bxc5 g4 46.Ke2 Nh1 47.Be8
Nxg3+ 48.Kf2 f4 49.Bd7 Nf5 50.exf4+ Kxf4 51.Bb5 g3+ 52.Kg2 Nh4+
53.Kf1 g2+ 54.Kf2 e3+ 55.Kg1 Kg3 0-1

[Event "VIII TchRUS W"]
[Site "Sochi"]
[Date "2007.05.07"]
[Round "7"]
[White "Kochetkova, Julia"]
[Black "Ivkina, Olga"]
[Result "1/2-1/2"]
[WhiteElo "2320"]
[BlackElo "2198"]
[Annotator ""]
[Source ""]
[Remark ""]

1.e4 e6 2.Qe2 c5 3.g3 Nc6 4.Nf3 Qc7 5.Bg2 d6 6.d3 g6 7.O-O Bg7
8.Nbd2 Nge7 9.Re1 O-O 10.Nf1 Rb8 11.h4 b5 12.Ne3 b4 13.h5 d5
14.Ng4 e5 15.Nh6+ Kh8 16.exd5 Nxd5 17.hxg6 fxg6 18.Qe4 Bb7 19.Qh4
Rxf3 20.Bxf3 Nd4 21.Bg2 Nxc2 22.Bg5 Nxa1 23.Rxa1 Rf8 24.Re1 a5
25.Ng4 Nb6 26.Bxb7 Qxb7 27.Nxe5 Bxe5 28.Rxe5 Qf3 29.Be3 Na4 30.Re7
Qd1+ 31.Kh2 Qh5 32.Qxh5 gxh5 33.Ra7 Nxb2 34.Bxc5 Rd8 35.Be7 Rxd3
36.Bf6+ Kg8 37.Bxb2 Rd2 38.Bg7 Rxf2+ 39.Kg1 Rxa2 40.Bh6 Ra3 41.Kg2
b3 42.Kh3 a4 43.Kh4 Ra2 44.Kg5 h4 45.Kf6 Rf2+ 46.Bf4 h5 47.Kg6
Kf8 48.Bg5 Re2 49.Rxa4 hxg3 1/2-1/2

[Event "VIII TchRUS W"]
[Site "Sochi"]
[Date "2007.05.07"]
[Round "7"]
[White "Shadrina, Tatiana"]
[Black "Chmilyte, Viktoria"]
[Result "1-0"]
[WhiteElo "2378"]
[BlackElo "2462"]
[Annotator ""]
[Source ""]
[Remark ""]

1.e4 c5 2.Nf3 Nc6 3.d4 cxd4 4.Nxd4 Nf6 5.Nc3 e5 6.Ndb5 d6 7.Bg5
a6 8.Na3 b5 9.Nd5 Be7 10.Bxf6 Bxf6 11.c3 O-O 12.Nc2 Bg5 13.a4
bxa4 14.Rxa4 a5 15.b4 Bb7 16.Bc4 Rc8 17.Qd3 axb4 18.cxb4 Kh8
19.O-O f5 20.exf5 e4 21.Qe2 Rxf5 22.Bb3 Ne7 23.Nxe7 Qxe7 24.Ra7
Re5 25.b5 h6 26.Nd4 Qc7 27.Nc6 Ree8 28.Bd5 Qb6 29.Ra4 e3 30.f4
Bf6 31.h3 Qc5 32.Rd1 Ra8 33.Rxa8 Rxa8 34.Kh2 Rf8 35.Qd3 Bc8 36.Re1
Re8 37.Qg6 Bd7 38.Be4 Rxe4 39.Qxe4 Qxb5 40.Ne7 Be8 41.Rxe3 Qf1
42.Rf3 Qd1 43.Ng8 Bc6 44.Qxc6 Kxg8 45.Qe8+ Kh7 46.Qe4+ g6 47.Rd3
Qb1 48.Qd5 h5 49.Qf7+ Bg7 50.Rxd6 Kh6 51.Qd5 Kh7 52.Rd7 Qb2 53.Qe5 1-0

[Event "VIII TchRUS W"]
[Site "Sochi"]
[Date "2007.05.07"]
[Round "7"]
[White "Korbut, Ekaterina"]
[Black "Shen, Yang"]
[Result "1-0"]
[WhiteElo "2429"]
[BlackElo "2440"]
[Annotator ""]
[Source ""]
[Remark ""]

1.e4 e5 2.Nf3 Nc6 3.Bb5 a6 4.Ba4 Nf6 5.Bxc6 dxc6 6.d3 Qd6 7.Nbd2
Be6 8.b3 Nd7 9.Ng5 f6 10.Nxe6 Qxe6 11.Nc4 Bb4+ 12.Bd2 Bxd2+ 13.Qxd2
Nc5 14.g3 Qg4 15.Qe3 Ne6 16.f3 Qh3 17.O-O-O c5 18.Rdf1 O-O-O
19.Qd2 g5 20.Ne3 Rhf8 21.Qa5 Kb8 22.Rf2 Qh6 23.Kb1 Qg6 24.Nf5
h5 25.Rg1 Qh7 26.h4 gxh4 27.Nxh4 Rg8 28.Nf5 Rg5 29.Rh1 Qg8 30.Rfh2
Nd4 31.Ne7 Qf7 32.Qxc5 Rd6 33.Nd5 Rc6 34.Qe7 Qxe7 35.Nxe7 Re6
36.Nd5 Rxg3 37.f4 exf4 38.Nxf4 Rc6 39.Nxh5 Rf3 40.Kb2 f5 41.exf5
Nxf5 42.Rg1 b5 43.a3 Kb7 44.Rg5 Kb6 45.Re2 Nd4 46.Reg2 Nf5 47.Rg6
Nd6 48.Ng7 Re3 49.Ka2 Rc5 50.Ne6 Rce5 51.Nf4 Rf5 52.Ne2 Kb7 53.b4
Rf1 54.Nd4 Ree1 55.Nb3 Ka7 56.Rg7 Kb6 57.R2g5 Rf5 58.Kb2 Rh1
59.R5g6 Rf2 60.Na5 c6 61.Rxd6 Rxc2+ 62.Kxc2 Rc1+ 63.Kd2 Rd1+
64.Kc3 Rc1+ 65.Kd4 1-0

[Event "VIII TchRUS W"]
[Site "Sochi"]
[Date "2007.05.07"]
[Round "7"]
[White "Ruan, Lufei"]
[Black "Demina, Julia"]
[Result "1-0"]
[WhiteElo "2370"]
[BlackElo "2330"]
[Annotator ""]
[Source ""]
[Remark ""]

1.e4 c5 2.Nf3 d6 3.d4 cxd4 4.Nxd4 Nf6 5.Nc3 a6 6.Be2 e5 7.Nb3
Be7 8.O-O O-O 9.Kh1 b6 10.Be3 Bb7 11.f3 b5 12.a4 b4 13.Nd5 Nxd5
14.exd5 Nd7 15.c3 bxc3 16.bxc3 Bg5 17.Bf2 Qc7 18.c4 Rab8 19.a5
f5 20.Bd3 g6 21.Rb1 Nf6 22.Bb6 Qg7 23.Qe1 Nh5 24.g3 Rbe8 25.Qb4
Qd7 26.c5 Bxd5 27.cxd6 Qc6 28.Be2 e4 29.Qc5 f4 30.Rbd1 exf3 31.Qxc6
Bxc6 32.Bxf3 Bb5 33.d7 Rb8 34.Rf2 fxg3 35.hxg3 Nxg3+ 36.Kg2 Nf5
37.Be4 Ba4 38.Rd3 Bd8 39.Bd5+ Kg7 40.Nc5 Nh4+ 41.Kg3 Rxf2 42.Kxf2
Rxb6 43.axb6 Bxb6 44.d8Q Bxd8 45.Nxa4 Nf5 46.Be4 Bh4+ 47.Kg2
Ne7 48.Rd6 a5 49.Kf1 Bg5 50.Ke2 Bf4 51.Ra6 h5 52.Nc5 Kf7 53.Rxa5
h4 54.Nd3 Bc7 55.Ra7 Bb6 56.Bxg6+ 1-0

[Event "VIII TchRUS W"]
[Site "Sochi"]
[Date "2007.05.07"]
[Round "7"]
[White "Turova, Irina"]
[Black "Nebolsina, Vera"]
[Result "1-0"]
[WhiteElo "2386"]
[BlackElo "2297"]
[Annotator ""]
[Source ""]
[Remark ""]

1.d4 Nf6 2.c4 g6 3.Nc3 Bg7 4.e4 d6 5.f4 c5 6.d5 O-O 7.Nf3 e6
8.dxe6 fxe6 9.Bd3 Nc6 10.O-O Nd4 11.Nxd4 cxd4 12.Nb5 Ne8 13.Bd2
Bd7 14.Qe1 Bc6 15.b4 a6 16.Na3 Nf6 17.h3 Qe7 18.b5 axb5 19.Bb4
Rxa3 20.Bxa3 bxc4 21.Bxc4 Nxe4 22.Rd1 b5 23.Bb3 Qa7 24.Bxd6 Re8
25.Bb4 d3+ 26.Kh2 Qd4 27.Bc2 Qb2 28.Bb3 Rd8 29.Bxe6+ Kh8 30.Be7
Re8 31.Rxd3 h6 32.Qc1 1-0

[Event "VIII Russian WomanClub Championship"]
[Site "Sochi"]
[Date "2007.05.07"]
[Round "7"]
[White "Kirillova, Varvara"]
[Black "Ushenina, Anna"]
[Result "1/2-1/2"]
[WhiteElo "2251"]
[BlackElo "2475"]
[Annotator ""]
[Source ""]
[Remark ""]

1.e4 c5 2.Nf3 e6 3.d3 Nc6 4.g3 g6 5.Bg5 f6 6.Be3 d5 7.exd5 exd5
8.Bg2 d4 9.Bf4 Nge7 10.Qe2 Bg7 11.Nbd2 O-O 12.Ne4 Nd5 13.O-O
Nxf4 14.gxf4 Re8 15.Qd2 b6 16.Ng3 Bb7 17.f5 Qc7 18.Rfe1 Ne7 19.c3
dxc3 20.Qxc3 Bd5 21.Nh4 Bxg2 22.Nxg2 Nd5 23.Qc4 Qf7 24.Re4 Nb4
25.Nf4 gxf5 26.Qxf7+ Kxf7 27.Nxf5 Re5 28.Nd6+ Ke7 29.Nc4 Rxe4
30.dxe4 Bh6 31.Ne2 Rd8 32.f4 Rd3 33.Kf2 Nc2 34.Rg1 Nd4 35.Rg3
Rd1 36.Rh3 b5 37.Nc3 Rc1 38.Ne3 Bg7 39.Rxh7 Kf8 40.Rh5 b4 41.Ne2
Ra1 42.Rxc5 Nxe2 43.Kxe2 Rxa2 44.Rc2 b3 45.Rd2 f5 46.e5 Bh6 47.Kf3
Ra4 48.Nd5 Kf7 49.Rd3 Ke6 50.Nc7+ Ke7 51.e6 Rxf4+ 52.Kg2 Rg4+
53.Kh3 Rg7 54.Rd7+ Kf8 55.Rd8+ Ke7 56.Re8+ Kd6 57.Nb5+ Ke5 58.e7
Be3 59.Nc3 Bc5 60.Nd5 Bd6 61.Rb8 Bxe7 62.Nxe7 Rxe7 63.Rxb3 Rg7
64.Rg3 Rh7+ 65.Kg2 Rb7 66.b3 Ke4 67.Kf2 Rh7 68.h3 f4 69.Rc3 Ke5
70.Rc5+ Kd6 71.Rc3 Kd5 72.Kg2 Kd4 73.Rc8 Rg7+ 74.Kf3 Rg3+ 75.Kxf4
Rxh3 76.Ra8 Rh7 77.Rb8 Rf7+ 78.Kg5 a5 1/2-1/2

[Event "VIII Russian WomanClub Championship"]
[Site "Sochi"]
[Date "2007.05.07"]
[Round "7"]
[White "Iljushina, Olga"]
[Black "Bystryakova, Elena V."]
[Result "1/2-1/2"]
[WhiteElo "2281"]
[BlackElo "2189"]
[Annotator ""]
[Source ""]
[Remark ""]

1.d4 Nf6 2.c4 g6 3.Nc3 Bg7 4.e4 d6 5.f3 O-O 6.Nge2 a6 7.Be3 Nc6
8.Qd2 Rb8 9.a3 b5 10.cxb5 axb5 11.d5 Na5 12.Nd4 e5 13.Nc6 Nxc6
14.dxc6 Be6 15.Nxb5 d5 16.Bc5 Re8 17.Be2 Qc8 18.Qa5 dxe4 19.Qxc7
exf3 20.gxf3 Qxc7 21.Nxc7 Rec8 22.Bd6 Rb6 23.Nxe6 Rcxc6 24.Nxg7
Rxd6 25.Nf5 gxf5 26.Rg1+ Kf8 27.b4 e4 28.Rg5 f4 29.Rf5 exf3 30.Bxf3
Rd4 31.Rd1 Rc4 32.b5 Ke7 33.Re5+ Kf8 34.Bc6 Rb8 35.Rf5 Ke7 36.Re5+
Kf8 37.Rd6 Ng4 38.Rf5 Ke7 39.Rd7+ Ke6 40.Rfxf7 Nf6 41.Rde7+ Kd6
42.h3 Rg8 43.Re2 Rg6 44.Rd2+ Kc5 45.Re7 Rc3 46.a4 Rxh3 47.a5
f3 48.Rf2 Ng4 49.Rxf3 Rxf3 50.Bxf3 Kxb5 51.Ra7 Nf6 52.Be2+ Kc6
53.Ra6+ Kb7 54.Re6 Ng8 55.Re8 Rg7 56.Bf3+ Ka6 57.Ra8+ Ra7 58.Be2+
Kb7 59.Rxg8 Rxa5 60.Rg7+ Kb6 61.Rxh7 Rd5 62.Bf3 Rd6 63.Ke2 Kc5
64.Ke3 Re6+ 65.Be4 Rd6 66.Rc7+ Kb6 67.Rc2 Kb5 68.Bd3+ Kb6 69.Be4
Kb5 70.Bf3 Kb6 71.Ke4 Kb5 72.Ke5 Rd8 73.Bd5 Rh8 74.Rb2+ Kc5 75.Rc2+
Kb5 76.Kd4 Rh4+ 77.Be4 Kb6 78.Rc8 Rg4 79.Rb8+ Kc7 80.Rb7+ Kd6
81.Rb6+ Kc7 82.Rc6+ Kd7 83.Rh6 Ke7 84.Ke5 Rg1 85.Rh7+ Kf8 86.Kf6
Ke8 87.Ke6 Kd8 88.Kd6 Ke8 89.Bd5 Rg6+ 90.Be6 Kf8 91.Ra7 Rh6 92.Rf7+
Kg8 93.Rc7+ Kf8 94.Ke5 Rh5+ 95.Bf5 Rh6 96.Be4 Ra6 97.Bd5 Rh6
98.Be6 Rh5+ 99.Kf6 Rh6+ 100.Kf5 Ke8 101.Rd7 Rh5+ 102.Kg6 Re5
103.Kf6 Rh5 104.Rc7 Rh6+ 105.Kf5 Kd8 106.Ra7 Ke8 107.Bf7+ Kd8
108.Bg6 Kc8 109.Kg5 Rh1 110.Ra8+ Kc7 1/2-1/2

[Event "VIII Russian WomanClub Championship"]
[Site "Sochi"]
[Date "2007.05.07"]
[Round "7"]
[White "Solovjova, Valentina"]
[Black "Fominykh, Maria"]
[Result "1/2-1/2"]
[WhiteElo "2261"]
[BlackElo "2306"]
[Annotator ""]
[Source ""]
[Remark ""]

1.e4 g6 2.d4 Bg7 3.Nc3 c6 4.Nf3 d5 5.h3 dxe4 6.Nxe4 Nd7 7.Bc4
Ngf6 8.Nxf6+ Nxf6 9.O-O O-O 10.c3 Qc7 11.Qe2 b6 12.Re1 e6 13.Bg5
Bb7 14.Qe5 Nd5 15.Qxc7 Nxc7 16.Bf4 Nd5 17.Bxd5 cxd5 18.Be5 f6
19.Bg3 Kf7 20.a4 Rfc8 21.a5 Ba6 22.Bd6 Rc6 23.Bb4 b5 24.Re2 Bf8
25.Bxf8 Rxf8 26.Re3 b4 27.cxb4 Rc2 28.Rc3 Rc8 29.Raa3 Rxb2 30.Rxc8
Bxc8 31.Rc3 Bd7 32.Rc7 Ke7 33.Rxa7 Rb1+ 34.Kh2 Rxb4 35.Ra8 Ra4
36.Rh8 h5 37.Rh7+ Ke8 38.Rh8+ Ke7 39.Rh7+ Ke8 1/2-1/2

[Event "VIII Russian WomanClub Championship"]
[Site "Sochi"]
[Date "2007.05.07"]
[Round "7"]
[White "Sharevich, Anna"]
[Black "Kuzevanova, Evgenia"]
[Result "1/2-1/2"]
[WhiteElo "2323"]
[BlackElo "2176"]
[Annotator ""]
[Source ""]
[Remark ""]

1.d4 e6 2.c4 f5 3.Nf3 Nf6 4.Nc3 Bb4 5.Qb3 Bxc3+ 6.bxc3 O-O 7.g3
b6 8.Bg2 Bb7 9.O-O d6 10.c5 Qe7 11.Ba3 Ne4 12.Rad1 Nc6 13.cxd6
cxd6 14.Ne5 Na5 15.Qb4 Rfd8 16.Bxe4 Bxe4 17.f3 Bb7 18.Nc4 Nxc4
19.Qxc4 Rac8 20.Qd3 Bd5 21.Rf2 Bxa2 22.e4 Bc4 23.Qe3 Qf6 24.Bxd6
Rxd6 25.e5 Qd8 26.exd6 Qxd6 27.Ra1 a5 28.Rb2 Qc6 29.d5 Qxd5 30.Rxb6
a4 31.Rb2 a3 32.Rd2 Qb5 33.Kg2 a2 34.Rdxa2 Bxa2 35.Rxa2 Qc4 36.Re2
h6 37.h4 Kh7 38.Qxe6 Qxe6 39.Rxe6 Rxc3 40.h5 Rc2+ 41.Kh3 Rc1
42.Kg2 Rc2+ 43.Kg1 Rc1+ 44.Kf2 Rh1 45.g4 fxg4 46.fxg4 Rb1 47.Kf3
Rf1+ 48.Ke4 Kg8 49.Re5 Re1+ 50.Kf5 Rf1+ 51.Ke4 Re1+ 52.Kd5 Rf1
53.Ke4 Re1+ 54.Kf4 Rf1+ 55.Kg3 Rf6 56.Re7 Rf1 57.Ra7 Rf6 58.Ra4
Kh7 59.Rf4 Ra6 60.Kf3 Ra3+ 1/2-1/2

[Event "VIII TchRUS W"]
[Site "Sochi"]
[Date "2007.05.08"]
[Round "8"]
[White "Stefanova, Antoaneta"]
[Black "Shadrina, Tatiana"]
[Result "1-0"]
[WhiteElo "2492"]
[BlackElo "2378"]
[Annotator ""]
[Source ""]
[Remark ""]

1.d4 e6 2.c4 c5 3.d5 exd5 4.cxd5 Nf6 5.Nc3 d6 6.e4 g6 7.Bf4 Bg7
8.Nf3 O-O 9.Nd2 Nh5 10.Be3 Bd7 11.a4 Na6 12.Be2 Nb4 13.Nc4 Qe7
14.Bxh5 gxh5 15.O-O Rad8 16.Bf4 Be8 17.Ne3 Qf6 18.Nf5 Kh8 19.Qxh5
Qg6 20.Nxg7 Kxg7 21.Qh4 Bd7 22.Rae1 f5 23.Re3 Kh8 24.Rg3 Qf7
25.Bxd6 Rfe8 26.Qxd8 1-0

[Event "VIII TchRUS W"]
[Site "Sochi"]
[Date "2007.05.08"]
[Round "8"]
[White "Nebolsina, Vera"]
[Black "Pogonina, Natalija"]
[Result "0-1"]
[WhiteElo "2297"]
[BlackElo "2419"]
[Annotator ""]
[Source ""]
[Remark ""]

1.e4 c5 2.Nc3 g6 3.d4 Bg7 4.dxc5 Nc6 5.Be3 Nf6 6.Be2 O-O 7.Qd2
Qa5 8.Nf3 Ng4 9.O-O Nxe3 10.Qxe3 Nb4 11.Ne1 Na6 12.Bxa6 bxa6
13.e5 Bb7 14.Nd3 Qc7 15.f4 d6 16.Rae1 Qc6 17.Ne4 a5 18.Rf2 dxe5
19.fxe5 Ba6 20.Qh3 Bc8 21.Qh4 Bf5 22.Rfe2 Qd7 23.Rd2 h6 24.Nf4
Qb5 25.c4 Qb7 26.Nd5 Rfe8 27.Ng3 g5 28.Qh5 Bg6 29.Qf3 Qc8 30.c6
Kh8 31.Nc3 Qa6 32.Qd5 Rac8 33.b3 Rxc6 34.Qd7 Qb6+ 35.Kh1 Rcc8
36.Rd5 e6 37.Rdd1 Red8 38.Qe7 Rxd1 39.Nxd1 Qb4 40.Qxb4 axb4 41.Nb2
Rd8 42.c5 Rd5 43.Rc1 Bxe5 44.c6 Bc7 45.Kg1 Kg7 46.Na4 Kf8 47.Kf1
Ke7 48.Nc5 Kd8 49.Ke2 Kc8 50.Kf3 a5 51.Nge4 h5 52.g3 Bb6 53.Nd7
Bd4 54.Nec5 Bxc5 55.Nxc5 Rd2 56.Nd7 Kc7 57.Nf6 Rc2 0-1

[Event "VIII TchRUS W"]
[Site "Sochi"]
[Date "2007.05.08"]
[Round "8"]
[White "Grabuzova, Tatiana"]
[Black "Hou, Yifan"]
[Result "1/2-1/2"]
[WhiteElo "2357"]
[BlackElo "2513"]
[Annotator ""]
[Source ""]
[Remark ""]

1.b3 e5 2.Bb2 Nc6 3.e3 Nf6 4.Bb5 Bd6 5.Ne2 O-O 6.Ng3 a6 7.Bxc6
dxc6 8.O-O Bg4 9.f3 Be6 10.Nc3 Nd7 11.e4 Re8 12.Qe2 f6 13.Nd1
Bf7 14.Ne3 Nc5 15.Nef5 Ne6 16.Nxd6 cxd6 17.Qf2 d5 18.d3 Qd7 19.Nf5
b5 20.Rae1 Kh8 21.d4 Nf4 22.dxe5 fxe5 23.Qg3 Bg6 24.Nh4 d4 25.Bc1
Qd6 26.Bxf4 exf4 27.Nxg6+ hxg6 28.Qg5 Qf6 29.Qxf6 gxf6 30.Rd1
c5 31.Rd3 b4 32.a3 bxa3 33.Ra1 f5 34.Rxa3 fxe4 35.fxe4 Rxe4 36.Ra5
Rc8 37.Rxa6 Kg7 38.Kf2 Rce8 39.Rd2 R8e5 40.Rc6 Rh5 41.h3 Rf5
42.b4 cxb4 43.Rc4 Rd5 44.Kf3 Re3+ 45.Kxf4 b3 46.cxb3 g5+ 47.Kg4
d3 48.Rc6 Kf7 49.Rf2+ Kg7 50.Rc7+ Kg6 51.Rc6+ Kg7 52.Rc7+ 1/2-1/2

[Event "VIII TchRUS W"]
[Site "Sochi"]
[Date "2007.05.08"]
[Round "8"]
[White "Lagno, Katerina"]
[Black "Guseva, Marina"]
[Result "1-0"]
[WhiteElo "2468"]
[BlackElo "2320"]
[Annotator ""]
[Source ""]
[Remark ""]

1.e4 e6 2.d4 d5 3.Nc3 dxe4 4.Nxe4 Nd7 5.Nf3 Ngf6 6.Nxf6+ Nxf6
7.Be2 Be7 8.O-O O-O 9.Bf4 b6 10.a4 a5 11.c3 Bb7 12.Ne5 Nd7 13.Nc4
Bg5 14.Bg3 Bh4 15.Bf3 Bxf3 16.Qxf3 Bxg3 17.Qxg3 Nf6 18.Rfd1 Nd5
19.Rd3 Ne7 20.Rad1 c6 21.Ne5 Rc8 22.Qh4 Nd5 23.Qe4 Nf6 24.Qe2
Qd5 25.Rg3 Rfd8 26.h3 b5 27.Ra1 Ra8 28.Qe3 Ne4 29.Rf3 Nd6 30.Qf4
f6 31.Nd3 Nc4 32.Rg3 Rf8 33.Qg4 Rf7 34.Nf4 Qd7 35.b3 Nd2 36.Qd1
Ne4 37.Re3 f5 38.Qe1 c5 39.f3 cxd4 40.cxd4 Qd6 41.fxe4 Qxf4 42.axb5
Qd6 43.exf5 Rxf5 44.Rd1 Kf7 45.Qh4 Qf4 46.Qxf4 Rxf4 47.d5 exd5
48.Rxd5 Rb4 49.Rd7+ Kg6 50.Rg3+ Kh6 51.Rgxg7 Rh8 52.Rg3 Rxb5
53.Rd6+ Kh5 54.Kh2 Rhb8 55.Rg7 1-0

[Event "VIII TchRUS W"]
[Site "Sochi"]
[Date "2007.05.08"]
[Round "8"]
[White "Zdebskaja, Natalia"]
[Black "Kovalevskaya, Ekaterina"]
[Result "1/2-1/2"]
[WhiteElo "2335"]
[BlackElo "2432"]
[Annotator ""]
[Source ""]
[Remark ""]

1.e4 c5 2.Nf3 e6 3.d4 cxd4 4.Nxd4 Nc6 5.Nc3 d6 6.Be2 Nf6 7.O-O
Be7 8.Be3 O-O 9.f4 e5 10.Nb3 a5 11.a4 Nb4 12.Kh1 Be6 13.Bf3 Rc8
14.Rf2 exf4 15.Bxf4 Qb6 16.Qd4 Qa6 17.Qd2 Bxb3 18.cxb3 Nd3 19.Re2
Nxf4 20.Qxf4 Qb6 21.Qe3 Rc5 22.Rae1 Bd8 23.Nd5 Nxd5 24.exd5 Bf6
25.Rc2 g6 26.Rxc5 dxc5 27.Re2 Qd6 28.g3 Kg7 29.Kg2 Rd8 30.Qd3
Qd7 31.Qd2 Qc7 32.Qd3 h5 33.Qe4 Rd6 34.Qf4 Qd7 35.Qd2 Qd8 36.Qc2
Bd4 37.Qd2 Rxd5 38.Re8 Qxe8 39.Bxd5 b6 40.Bf3 Qe6 41.Qd3 Qe1
42.Qf1 Qe3 43.Bd5 f6 44.Bc4 g5 45.Bd3 g4 46.Kh1 Qd2 47.Bc4 Qxb2
48.Qe1 Kf8 49.Be6 Qc2 50.Bc4 Qf5 51.Qf1 Qe4+ 52.Qg2 Qe1+ 53.Qf1
Qe3 54.Qg2 Kg7 55.Qb7+ Kh6 56.Qg2 f5 57.Qf1 Kg5 58.Bd3 Qe5 59.Qc1+
f4 60.gxf4+ Qxf4 61.h4+ gxh3 62.Qxf4+ Kxf4 63.Bc4 Kg3 64.Bd5
h4 65.Be6 h2 66.Bd5 Be5 67.Be6 Kf2 68.Bd5 Ke3 69.Be6 Kd4 70.Bf7
Kc3 71.Be6 Kb4 72.Bf7 b5 73.axb5 Kxb5 74.Be6 Kb4 75.Bf7 Bd6 76.Bg8
c4 77.Bxc4 a4 1/2-1/2

[Event "VIII TchRUS W"]
[Site "Sochi"]
[Date "2007.05.08"]
[Round "8"]
[White "Galliamova, Alisa"]
[Black "Mongontuul, Bathuyag"]
[Result "0-1"]
[WhiteElo "2477"]
[BlackElo "2388"]
[Annotator ""]
[Source ""]
[Remark ""]

1.d4 Nf6 2.c4 e5 3.d5 Bc5 4.Nc3 O-O 5.a3 a5 6.e3 d6 7.Bd3 Ne8
8.Nf3 f5 9.Bc2 Na6 10.O-O g5 11.Nd2 g4 12.Nb3 Bb6 13.f4 gxf3
14.Rxf3 f4 15.h3 Qh4 16.Qe2 Ng7 17.Bd2 Bf5 18.Bxf5 Nxf5 19.Na4
Bxe3+ 20.Bxe3 Nxe3 21.Nc3 Kh8 22.Nd1 Nf5 23.a4 Nc5 24.Nxc5 Nd4
25.Qe4 Nxf3+ 26.Qxf3 Qe1+ 27.Qf1 Qxf1+ 28.Kxf1 dxc5 29.Nc3 Ra6
30.Ne4 Rb6 31.Rb1 Rb4 32.b3 b5 33.axb5 a4 34.Nd2 axb3 35.Rxb3
Ra8 36.Rxb4 cxb4 37.Nb3 Kg7 38.c5 Kf6 39.d6 cxd6 40.c6 Ke7 41.b6
Kd8 42.Nd2 d5 43.Nb3 Ra6 0-1

[Event "VIII TchRUS W"]
[Site "Sochi"]
[Date "2007.05.08"]
[Round "8"]
[White "Gunina, Valentina"]
[Black "Zaiatz, Elena"]
[Result "1/2-1/2"]
[WhiteElo "2308"]
[BlackElo "2387"]
[Annotator ""]
[Source ""]
[Remark ""]

1.d4 Nf6 2.c4 e6 3.Nf3 d5 4.Nc3 dxc4 5.e4 Bb4 6.Bg5 c5 7.Bxc4
cxd4 8.Nxd4 Bxc3+ 9.bxc3 Qa5 10.Bb5+ Bd7 11.Bxf6 gxf6 12.Qb3
Bxb5 13.Nxb5 O-O 14.O-O Nc6 15.c4 Rad8 16.Qg3+ Kh8 17.Qh4 Kg7
18.f4 Rd3 19.e5 Qd8 20.Qh5 h6 21.Nd6 Qb6+ 22.Kh1 Qd4 23.Rae1
f5 24.g4 Qc3 25.gxf5 Rh3 26.Rg1+ Kh7 27.Qg4 Qf3+ 28.Qxf3 Rxf3
29.fxe6 fxe6 30.f5 exf5 31.Nxb7 Rg8 32.e6 Rxg1+ 33.Rxg1 Ne7 34.Nc5
Rc3 35.Rd1 Kg6 36.Nd7 f4 37.Re1 Kf5 38.Ne5 f3 39.Kg1 Kf4 40.c5
Ra3 41.c6 Rxa2 42.Nd3+ Kf5 43.Re5+ Kf6 44.Re3 Rg2+ 45.Kf1 Rc2
46.Ne5 Nd5 47.Nd7+ Ke7 48.Rxf3 Rxc6 49.Nf8 Nf6 50.Ng6+ Kxe6 51.Re3+
Kd6 52.Ne5 Rc7 53.Nf3 a5 54.Nd4 Kd5 55.Ne2 Rc5 56.Rf3 Ke5 57.Re3+
Kd6 58.Ra3 Ne4 59.Nd4 Rd5 60.Nb3 Rd3 61.Ke2 Rh3 62.Nxa5 Rxh2+
63.Kf3 Rh3+ 1/2-1/2

[Event "VIII TchRUS W"]
[Site "Sochi"]
[Date "2007.05.08"]
[Round "8"]
[White "Gaponenko, Inna"]
[Black "Ambartsumova, Karina"]
[Result "1-0"]
[WhiteElo "2451"]
[BlackElo "2201"]
[Annotator ""]
[Source ""]
[Remark ""]

1.e4 c5 2.Nf3 e6 3.d4 cxd4 4.Nxd4 a6 5.Bd3 Nf6 6.O-O Qc7 7.f4
d6 8.Be3 Be7 9.c4 O-O 10.Nc3 Nbd7 11.g4 Nc5 12.g5 Ng4 13.Qxg4
Nxd3 14.Qe2 Nc5 15.f5 Qd7 16.f6 Bd8 17.Qh5 d5 18.cxd5 exd5 19.Nf5 1-0

[Event "VIII TchRUS W"]
[Site "Sochi"]
[Date "2007.05.08"]
[Round "8"]
[White "Prudnikova, Ekaterina"]
[Black "Shaidullina, Sandugach"]
[Result "1/2-1/2"]
[WhiteElo "2159"]
[BlackElo "2276"]
[Annotator ""]
[Source ""]
[Remark ""]

1.e4 c5 2.b4 cxb4 3.a3 d5 4.exd5 Qxd5 5.Nf3 e5 6.axb4 Bxb4 7.c3
Bd6 8.Na3 Nf6 9.Nb5 Ne4 10.c4 Qc6 11.Nxd6+ Nxd6 12.Nxe5 Qe4+
13.Qe2 O-O 14.Qxe4 Nxe4 15.d4 f6 16.Nf3 Re8 17.Be3 Nc6 18.Bd3
Nb4 19.Bxe4 Rxe4 20.Kd2 Bf5 21.Ra5 Bd7 22.Rb1 Nc6 23.Rd5 Bc8
24.Rc5 Ne7 25.Kd3 Rg4 26.Kc3 b6 27.Rc7 Nf5 28.g3 Nxe3 29.fxe3
Bf5 30.Rb5 Bg6 31.d5 Re4 32.Kd2 Rae8 33.Rb3 R4e7 34.Rxe7 Rxe7
35.Nd4 Be8 36.Nf5 Rd7 37.Kc3 g6 38.Nd4 Re7 39.Kd3 f5 40.c5 Re5
41.c6 Rxd5 42.Rc3 Rd8 43.Kc4 Kf7 44.Kb5 Rc8 45.Ka6 Rc7 46.Kb5
Ke7 47.Ka6 Bd7 48.Rc2 Be8 49.Rc3 1/2-1/2

[Event "VIII TchRUS W"]
[Site "Sochi"]
[Date "2007.05.08"]
[Round "8"]
[White "Zhao, Xue"]
[Black "Cmilyte, Viktoria"]
[Result "1-0"]
[WhiteElo "2467"]
[BlackElo "2462"]
[Annotator ""]
[Source ""]
[Remark ""]

1.Nf3 Nf6 2.c4 e6 3.Nc3 Bb4 4.Qc2 O-O 5.a3 Bxc3 6.Qxc3 c5 7.b4
b6 8.Bb2 Bb7 9.e3 d6 10.Be2 Nbd7 11.O-O Qe7 12.d4 Ne4 13.Qb3
Ndf6 14.Rad1 cxb4 15.axb4 a5 16.Ne1 a4 17.Qa2 Nd7 18.f3 Nef6
19.Nc2 d5 20.b5 Rfc8 21.Ba3 Qe8 22.Nb4 dxc4 23.e4 c3 24.Qc2 Rc7
25.Rd3 Rac8 26.Na2 Nxe4 27.fxe4 Bxe4 28.Bf3 Bxd3 29.Qxd3 Nf6
30.Nb4 Qe7 31.Ra1 e5 32.Nc6 Qe6 33.dxe5 Nd7 34.Bd6 Rxc6 35.bxc6
Nxe5 36.Bxe5 Qxe5 37.Rc1 Qc5+ 38.Kf1 Qe5 39.g3 b5 40.Qxc3 Qe7
41.Rb1 Qg5 42.Qd3 Rd8 43.Qxb5 Qe3 44.Qd5 1-0

[Event "VIII TchRUS W"]
[Site "Sochi"]
[Date "2007.05.08"]
[Round "8"]
[White "Korbut, Ekaterina"]
[Black "Paehtz, Elisabeth"]
[Result "1-0"]
[WhiteElo "2429"]
[BlackElo "2438"]
[Annotator ""]
[Source ""]
[Remark ""]

1.e4 e6 2.d4 d5 3.Nc3 Nf6 4.e5 Nfd7 5.f4 c5 6.Nf3 Nc6 7.Be3 a6
8.Qd2 b5 9.a3 Qa5 10.dxc5 Bxc5 11.Bxc5 Nxc5 12.Nd4 Nxd4 13.Qxd4
Qb6 14.b4 Nd7 15.Qxb6 Nxb6 16.Bd3 Ke7 17.Ne2 f6 18.Nd4 Bb7 19.O-O
fxe5 20.fxe5 Nd7 21.Rfe1 Nb6 22.Re3 Raf8 23.Rg3 Rf7 24.Nf3 h6
25.Rg6 Bc8 26.Nd4 Bd7 27.Nf5+ Kf8 28.Nd6 Re7 29.Rf1+ Kg8 30.Rg3
Be8 31.Rgf3 Nd7 32.Nc8 Rf7 33.Rxf7 1-0